Lễ tân công cụ giao tiếp (sách tham khảo)

Enregistré dans:
Détails bibliographiques
Auteur principal: Dussault, Louis
Format: Livre
Publié: H. Chính trị Quốc gia sự thật 2013
Édition:tái bản lần 2
Tags: Ajouter un tag
Pas de tags, Soyez le premier à ajouter un tag!
Thư viện lưu trữ: Trung tâm Học liệu Lê Vũ Hùng, Trường Đại học Đồng Tháp
LEADER 00677pam a22001818a 4500
001 00038363
005 20171026081023.0
008 170515s2013 ||||||Viesd
041 0 # |a Vie 
082 1 4 |a 327.3  |b L205T 
100 1 # |a Dussault, Louis 
245 1 0 |a Lễ tân công cụ giao tiếp  |b (sách tham khảo)  |c Louis Dussault, Lê Hồng Phấn [những người khác ...dịch] 
250 # # |a tái bản lần 2 
260 # # |a H.  |b Chính trị Quốc gia sự thật  |c 2013 
300 # # |a 293tr.  |c 20.5 cm 
852 # # |b Kho đọc  |j KD.1001461 
910 |d 15/05/2017 
980 # # |a Trung tâm Học liệu Lê Vũ Hùng, Trường Đại học Đồng Tháp